Capitalismo, democracia y desarrollo: entre el realismo y la utopía /
Gardado en:
| Autor Principal: | |
|---|---|
| Formato: | Texto |
| Materias: | |
| Etiquetas: |
Engadir etiqueta
Sen Etiquetas, Sexa o primeiro en etiquetar este rexistro!
|
MARC
| LEADER | 00000 a a2200000 04500 | ||
|---|---|---|---|
| 001 | 11960 | ||
| 003 | |||
| 040 | |||
| 100 | |a Mora Jiménez, Henry Manuel | ||
| 245 | |a Capitalismo, democracia y desarrollo: |b entre el realismo y la utopía / |c Henry Manuel Mora Jiménez | ||
| 650 | |a TEORIA MONETARIA | ||
| 650 | |a CAPITAL | ||
| 650 | |a CAPITALISMO | ||
| 650 | |a MODOS DE PRODUCCION | ||
| 650 | |a ECONOMIA DE MERCADO | ||
| 650 | |a DIVISION DEL TRABAJO | ||
| 773 | |g número 86; páginas 17-34 | ||
| 999 | |c 29530 |d 29530 | ||
| 773 | 0 | |0 41641 |9 2548 |a Departamento Ecuménico de Investigaciones (DEI) |d San José, Costa Rica Departamento Ecuménico de Investigaciones (DEI) |o 20142 |t Pasos / | |
